| 000 | 00359nam a2200133Ia 4500 | ||
|---|---|---|---|
| 008 | 240624s9999 xx 000 0 und d | ||
| 041 | _aeng | ||
| 082 | _a338.7610053092 WIL | ||
| 100 | _aWILSON MIKE | ||
| 245 | _aDIFFERENCE BETWEEN GOD AND LARRY ELLISON | ||
| 260 |
_c2003 _aNew York _bHarpercollins Publisher |
||
| 300 | _a398 , p. , 15 , cm. | ||
| 365 |
_c _b30 |
||
| 999 |
_c7495 _d7495 |
||